000 00570nam a2200205Ia 4500
005 20250923144337.0
008 008 250917s9999 xx 000 0 eng d
037 _aTextual
040 _aDSWL
_beng
_cDSWL
041 _aeng
_2eng
084 _aTOX9, H9
_qDSWL
100 _aThomson, David C.
_9823889
245 0 _aTraining worker citizens
_cby David C. Thomson
260 _aLondon
_bMacdonald and Evans
_c1949
300 _a255 p.
365 _aINR
_b12. 6
925 _g12. 6
942 _cTEXL
_hTOX9, H9
999 _c1437692
_d1437692